000 00804nam a2200229Ia 4500
003 OSt
005 20220923220805.0
006 a|||||r|||| 00| 0
007 ta
008 220922b |||||||| |||| 00| 0 hin d
024 _a190,474
037 _cTextual
040 _aARTS
_cARTS
_bhin
041 _2hin
_ahin
082 _aR6x2:1:8, 152F5
100 _aमाध्व आचार्य
_9156318
245 0 _aसर्वदर्शन संग्रह, टीका उदयनारायण सिंह तथा गोविन्द सूरी
246 _aSarvadarshan sangraha, ṭīkā0 udayanārāyaṇ sianha tathā govinda sūrī
260 _c1925
942 _hR6x2:1:8, 152F5
_cTEXL
_2CC
999 _c343249
_d343249